1620 1039 1932 1140 1419 1321 1936 1101 1241 1308 1210 1482 1465 1487 1959 1837 1361 1394 1254 1887 1711 1677 1012 1868 1487 1037 1455 1545 1920 1472 1955 1457 1185 1607 1387 1112 1700 1744 1568 1966 1787 1752 1522 1161 1328 1320 1943 1597 1630 1568 1697 1114 1471 1109 1470 1093 1078 1498 1141 1042 1292 1753 1140 1364 1554 1787 1613 1648 1759 1122 1833 1485 1061 1512 1641 1673 1918 1169 1775 1828 1465 1579 1515 1162 1985 1502 1500 1728 1969 1766 1793 1544 1864 1768 1246 1968 1209 1790 1774 BCNSPRNW ULIB Ver.6.0+V

เปลี่ยนเป็นภาษาไทย

Change to English
 แสดงรายละเอียดบรรณานุกรม
  กลับหน้าหลัก

Brief Record : Get Marc (ISO 2709) : E-mail record : QR code < ปิดหน้าต่าง
LEADER : 00000nam 2200000uu 4500
001    13399112288
003     ULIB
008    110802s2547||||th 000 0 tha d
020    9749115309
040    bns
050  4 HD57.7^bน785ภ 2547
100 0  เนตร์พัณณา ยาวิราช
245 10 ภาวะผู้นำและผู้นำเชิงกลยุทธ์ =^bLeadership and strategic leaders /^cเนตร์พัณณา ยาวิราช
246 31 Leadership and strategic leaders
250    พิมพ์ครั้งที่ 3
260    กรุงเทพฯ :^bเซ็นทรัลเอ็กซ์เพรส,^c2547
300    214 หน้า :^bภาพประกอบ ;^c27 ซม.
650  4 ภาวะผู้นำ
650  4 ผู้นำ
945    ^p180^l0^i016875
945    ^p180^l0^i016876
995    ทศพร
999 ^a ทศพร
รายการนี้ยังไม่มีแท็ก
คุณยังไม่ได้ล็อกอิน คุณสามารถมีกิจกรรมร่วมกับเว็บไซต์ได้ แต่ต้องล็อกอินก่อน ::
  ล็อกอิน

รายการสื่อสารสนเทศ

ลำดับที่ ประเภท เลขเรียก/บาร์โค้ด สถานที่ สถานะ
- ไม่พบข้อมูล -

รายการใกล้เคียง
    ผู้แต่ง [เนตร์พัณณา ยาวิราช]

    หัวเรื่อง [ภาวะผู้นำ]
    หัวเรื่อง [ผู้นำ]

BibComment


ยังไม่เคยถูกคอมเมนท์

คอมเมนท์ทรัพยากรรายการนี้
  คอมเมนท์: ภาวะผู้นำและผู้นำ..


 Copyright 2026. Bcnsprnw @Library